000 00628nam a2200181Ia 4500
008 100920s9999 xx 000 0 und d
082 _b84686
_a580 न 03
100 _aधोंगडे अश्वनिी.
245 _aसंदर्भ स्त्री-पुरूष.
260 _bदिलीपराज प्रकाशन, पुणे.
_c2003
300 _a164
_bसाधी
365 _b150
520 _aशाई.
630 _aसंदर्भ स्त्री-पुरूष.
650 _aशाई.
730 _aसंदर्भ स्त्री-पुरूष.
942 _cBOOK
999 _c725219
_d725216